|
|
|
|
| LEADER |
01036nam a22002417a 4500 |
| 001 |
31311 |
| 003 |
BD-DhAAL |
| 005 |
20161218152003.0 |
| 008 |
161218s2015 ja ||||| |||| 00| 0 eng d |
| 040 |
|
|
|a BD-DhAAL
|c BD-DhAAL
|
| 082 |
|
|
|2 23
|a 323.0954
|
| 245 |
|
|
|a Human rights education in Asia-Pacific,
|n volume six
|
| 260 |
|
|
|a Osaka :
|b Asia- Pacific Human Rights Information Center,
|c 2015
|
| 300 |
|
|
|a 314 pages ;
|b illustrations,
|c 21 cm.
|
| 526 |
|
|
|a SOL
|
| 541 |
|
|
|e 31311, 31312
|
| 650 |
|
|
|a Human rights
|x Study and teaching
|z Asia
|9 20836
|
| 710 |
|
|
|a Asia- Pacific Human Rights Information Center
|9 20837
|
| 852 |
|
|
|a Ayesha Abed Library
|c General Stacks
|
| 942 |
|
|
|2 ddc
|c BK
|
| 999 |
|
|
|c 37922
|d 37922
|
| 952 |
|
|
|0 0
|1 0
|2 ddc
|4 0
|6 323_095400000000000_HUM
|7 0
|9 59897
|a BRACUL
|b BRACUL
|c GEN
|d 2016-12-18
|e Gift
|l 2
|m 9
|o 323.0954 HUM
|p 3010031311
|r 2024-04-20
|s 2024-03-24
|t 1
|w 2016-12-18
|y BK
|
| 952 |
|
|
|0 0
|1 0
|2 ddc
|4 0
|6 323_095400000000000_HUM
|7 0
|9 59898
|a BRACUL
|b BRACUL
|c GEN
|d 2016-12-18
|e Gift
|l 0
|o 323.0954 HUM
|p 3010031312
|r 2016-12-18
|t 2
|w 2016-12-18
|y BK
|